The Sight & Sound Top 10 Greatest Films of All Time 2022 - Statistics

General Stats
  • This quiz has been taken 26 times
  • The average score is 7 of 10
Answer Stats
Top Date Director Film % Correct
6 1968 Stanley Kubrick 2001: A Space Odyssey
91%
3 1941 Orson Welles Citizen Kane
91%
2 1958 Alfred Hitchcock Vertigo
82%
10 1952 Gene Kelly & Stanley Donen Singin' in the Rain
77%
5 2000 Wong Kar Wai In the Mood for Love
73%
8 2001 David Lynch Mulholland Drive
64%
4 1953 Yasujirô Ôzu Tokyo Story
64%
1 1975 Chantal Akerman Jeanne Dielman, 23, quai du Commerce, 1080 Bruxelles
59%
9 1929 Dziga Vertov Man with a Movie Camera
59%
7 1998 Claire Denis Beau Travail
55%
No matching quizzes found
Score Distribution
Percent of People with Each Score
Percentile by Number Answered
Your Score History
You have not taken this quiz